| 000 | 00588cam a2200241ua 4500 | ||
|---|---|---|---|
| 020 | _c7.00 | ||
| 041 |
_aeng _h |
||
| 082 |
_a531 _bSUB/ME |
||
| 100 | _aSubrahmaniam, . | ||
| 245 |
_aMechanics: Statics, hydrostatiscs and dynamics / _cSubrahmaniam. _hTextual Documents |
||
| 260 |
_aChennai : _bS.Viswanathan , _c1966. |
||
| 300 | _a194 ; . | ||
| 365 | _a7.00 | ||
| 504 | _a | ||
| 942 | _cBK | ||
| 999 |
_c10344 _d10344 |
||